Abstract algebra (Record no. 543677)

000 -LEADER
fixed length control field 00403nam a22001337a 4500
082 ## - DEWEY DECIMAL CLASSIFICATION NUMBER
Classification number 512.02
Author Mark CHA
-- L-1, P-30
100 ## - MAIN ENTRY--PERSONAL NAME
Personal name Chaudhuri N P
9 (RLIN) 39137
245 ## - TITLE STATEMENT
Title Abstract algebra
Statement of responsibility, etc. N P Chaudhuri
260 ## - PUBLICATION, DISTRIBUTION, ETC.
Place of publication, distribution, etc. New Delhi
Name of publisher, distributor, etc. Tata McGraw- Hill Publishing company limited
Date of publication, distribution, etc. c 1983.
300 ## - PHYSICAL DESCRIPTION
Extent 152 p. :
Other physical details ill. ;
Dimensions 20 cm
526 ## - STUDY PROGRAM INFORMATION NOTE
Program name 0
Interest level 0
Reading level 0
Title point value 512_020000000000000_CHA
650 ## - SUBJECT ADDED ENTRY--TOPICAL TERM
Topical term or geographic name entry element MCE
9 (RLIN) 379
942 ## - ADDED ENTRY ELEMENTS (KOHA)
Source of classification or shelving scheme
Koha item type Book
Holdings
Withdrawn status Lost status Source of classification or shelving scheme Damaged status Not for loan Permanent Location Current Location Date acquired Total Checkouts Full call number Barcode Date last seen Date last checked out Price effective from Koha item type
          Military College of Engineering (MCE) Military College of Engineering (MCE) 03/28/2014 1 512.02 CHA MCE-11427 08/22/2017 02/24/2016 03/28/2014 Book
© 2023 Central Library, National University of Sciences and Technology. All Rights Reserved.